The Foundations of the articles of faith (Record no. 542317)
[ view plain ]
| 000 -LEADER | |
|---|---|
| fixed length control field | 00569nam a2200169Ia 4500 |
| 020 ## - INTERNATIONAL STANDARD BOOK NUMBER | |
| International Standard Book Number | (hb) |
| 082 ## - DEWEY DECIMAL CLASSIFICATION NUMBER | |
| Classification number | 297.51 |
| Author Mark | FAR |
| -- | L-31,P24 |
| 100 ## - MAIN ENTRY--PERSONAL NAME | |
| Personal name | Al-Ghazali, Abu Hamid Muhammad |
| 9 (RLIN) | 37448 |
| 245 ## - TITLE STATEMENT | |
| Title | The Foundations of the articles of faith |
| Remainder of title | being a translation with notes of the Kitab Qawaid al-Aqaid of Al-Ghazzali's Ihya Ulum al-Din |
| 260 ## - PUBLICATION, DISTRIBUTION, ETC. | |
| Place of publication, distribution, etc. | Lahore |
| Name of publisher, distributor, etc. | Sh. Muhammad Ashraf |
| Date of publication, distribution, etc. | 1963 |
| 300 ## - PHYSICAL DESCRIPTION | |
| Extent | 141p |
| 526 ## - STUDY PROGRAM INFORMATION NOTE | |
| Program name | 0 |
| Interest level | 0 |
| Reading level | 0 |
| Title point value | 297_510000000000000_FAR |
| 650 ## - SUBJECT ADDED ENTRY--TOPICAL TERM | |
| Topical term or geographic name entry element | Faith (Islam) |
| 9 (RLIN) | 37449 |
| 650 ## - SUBJECT ADDED ENTRY--TOPICAL TERM | |
| Topical term or geographic name entry element | MCE |
| 9 (RLIN) | 379 |
| 700 ## - ADDED ENTRY--PERSONAL NAME | |
| Personal name | Faris- Nabih Amin |
| 9 (RLIN) | 37450 |
| 942 ## - ADDED ENTRY ELEMENTS (KOHA) | |
| Source of classification or shelving scheme | |
| Koha item type | Book |
| Withdrawn status | Lost status | Source of classification or shelving scheme | Damaged status | Not for loan | Permanent Location | Current Location | Date acquired | Total Checkouts | Full call number | Barcode | Date last seen | Price effective from | Koha item type |
|---|---|---|---|---|---|---|---|---|---|---|---|---|---|
| Military College of Engineering (MCE) | Military College of Engineering (MCE) | 10/02/2013 | 297.51 FAR | MCE-2758 | 10/02/2013 | 10/02/2013 | Book |
